000
00220 a2200097 4500
001
23999
100
_a
King, G.J
245
_a
Pakistan resolution to Pakistan, 1940-47
260
_a
_b
N.P.H
_c
1969
090
_c
16241
_d
16241
942
_a
NUST-CAE
_c
M
_c
6938
999
_c
259072
_d
259072